[Event "Championnat de France - Accession"]
[Site "Belfort - SNPHHUATVS"]
[Date "2010.??.??"]
[Round "5.11"]
[White "Forthofer, Robert"]
[Black "Ribreau, Herve"]
[Result "0-1"]
[WhiteElo "2303"]
[BlackElo "2238"]
[PlyCount "62"]

1. d4 Nf6 2. c4 Nc6 3. Nc3 e5 4. d5 Ne7 5. e4 Ng6 6. Be3 Bb4 7. f3 Bxc3+ 8.
bxc3 O-O 9. Bd3 d6 10. c5 c6 11. dxc6 d5 12. Qa4 bxc6 13. Qxc6 Bd7 14. Qa6 dxe4
15. fxe4 Nxe4 16. Ne2 Bc6 17. O-O Nxc5 18. Qxc6 Qxd3 19. Bxc5 Rac8 20. Qd6 Qxe2
21. Bxa7 Rfd8 22. Qb4 Nf4 23. Rf2 Qg4 24. Rxf4 exf4 25. Rf1 Rd1 26. h3 Rxf1+
27. Kxf1 Qd1+ 28. Kf2 Qd2+ 29. Kg1 Qe1+ 30. Kh2 Qg3+ 31. Kg1 f3 0-1

[Event "Championnat de France - Accession"]
[Site "Belfort - SNPHHUATVS"]
[Date "2010.??.??"]
[Round "5.12"]
[White "Joie, Sebastien"]
[Black "Monsieux, Cyril"]
[Result "0-1"]
[WhiteElo "2142"]
[BlackElo "2300"]
[PlyCount "76"]

1. Nf3 Nf6 2. c4 c5 3. g3 d5 4. Bg2 Nc6 5. d4 dxc4 6. O-O cxd4 7. Qa4 Bd7 8.
Qxc4 Qb6 9. b3 e5 10. e3 Rc8 11. Ng5 Nd8 12. Qd3 Bb5 13. Qf5 Bxf1 14. Qxc8 Bxg2
15. Kxg2 Bc5 16. Ba3 Bxa3 17. Nxa3 dxe3 18. Nc4 Qd4 19. fxe3 Qd5+ 20. Kg1 O-O
21. Qf5 Nc6 22. Rf1 b5 23. Qb1 e4 24. Rxf6 gxf6 25. Nxe4 Kg7 26. Ncd2 f5 27.
Qb2+ Qe5 28. Qxe5+ Nxe5 29. Nd6 Rd8 30. Nxf5+ Kf8 31. Nd4 Ng4 32. Ne4 b4 33.
Nc6 Rd1+ 34. Kg2 Nxe3+ 35. Kf3 Nd5 36. Nxa7 Nc3 37. Nf2 Rb1 38. Nd3 Nxa2 0-1

[Event "Championnat de France - Accession"]
[Site "Belfort - SNPHHUATVS"]
[Date "2010.??.??"]
[Round "5.13"]
[White "Etrog, Jonathan"]
[Black "Dubessay, Bastien"]
[Result "0-1"]
[WhiteElo "2164"]
[BlackElo "2272"]
[PlyCount "52"]

1. c4 Nf6 2. Nc3 g6 3. g3 Bg7 4. Bg2 O-O 5. d4 d6 6. Nf3 Nbd7 7. O-O e5 8. e4
a6 9. Be3 b5 10. Qc2 exd4 11. Bxd4 c5 12. Be3 b4 13. Na4 Bb7 14. e5 Bxf3 15.
Bxf3 Nxe5 16. Bxa8 Qxa8 17. Rfd1 Nf3+ 18. Kf1 Qc6 19. h3 Re8 20. Qd3 Qxa4 21.
Qxd6 Ne4 22. Qf4 Nd4 23. b3 Qc6 24. Rac1 Nd2+ 25. Ke1 N2f3+ 26. Kf1 g5 0-1

[Event "Championnat de France - Accession"]
[Site "Belfort - SNPHHUATVS"]
[Date "2010.??.??"]
[Round "5.14"]
[White "Cappon, John"]
[Black "Loiret, Stanislas"]
[Result "1/2-1/2"]
[WhiteElo "2229"]
[BlackElo "2270"]
[PlyCount "45"]

1. e4 c5 2. Nf3 Nc6 3. Bb5 g6 4. O-O Bg7 5. c3 Qb6 6. Na3 Nf6 7. Re1 O-O 8. h3
a6 9. Bf1 Qc7 10. d3 b5 11. Nc2 d5 12. e5 Ne8 13. d4 cxd4 14. cxd4 Be6 15. Bd2
Qb7 16. Nb4 Nxb4 17. Bxb4 a5 18. Bc5 Qd7 19. Qd2 Nc7 20. Bb6 a4 21. Bxc7 Qxc7
22. Bxb5 Qa5 23. Qxa5 1/2-1/2

[Event "Championnat de France - Accession"]
[Site "Belfort - SNPHHUATVS"]
[Date "2010.??.??"]
[Round "5.15"]
[White "Demuth, Adrien"]
[Black "Houard, Yannick"]
[Result "1/2-1/2"]
[WhiteElo "2394"]
[BlackElo "2238"]
[PlyCount "74"]

1. d4 d5 2. c4 c6 3. Nf3 Nf6 4. Qc2 dxc4 5. Qxc4 Bf5 6. Nc3 e6 7. g3 Nbd7 8.
Bg2 Be7 9. O-O O-O 10. Re1 Ne4 11. Bf4 Nxc3 12. bxc3 Be4 13. Qb3 c5 14. Ne5
Bxg2 15. Kxg2 Nxe5 16. Bxe5 Qd7 17. Rad1 cxd4 18. cxd4 b6 19. e4 Bd6 20. Bxd6
Qxd6 21. d5 exd5 22. exd5 Rac8 23. Qe3 Rfd8 24. Rd3 g6 25. Re2 Rc5 26. Red2 b5
27. Rd4 Kg7 28. R4d3 Kg8 29. h4 h5 30. Rd4 a6 31. Kh2 Rc4 32. Re4 Rxe4 33. Qxe4
a5 34. Qd3 Rb8 35. Rc2 Rd8 36. Rd2 Rb8 37. Rc2 Rd8 1/2-1/2

[Event "Championnat de France - Accession"]
[Site "Belfort - SNPHHUATVS"]
[Date "2010.??.??"]
[Round "5.16"]
[White "Lutz, Eric"]
[Black "Lerch, Patrice"]
[Result "1/2-1/2"]
[WhiteElo "2218"]
[BlackElo "2340"]
[PlyCount "109"]

1. e4 c5 2. c3 Nf6 3. e5 Nd5 4. Nf3 Nc6 5. Bc4 Nb6 6. Bb3 c4 7. Bc2 Qc7 8. Qe2
g5 9. e6 dxe6 10. Nxg5 Qe5 11. d4 cxd3 12. Bxd3 Qxe2+ 13. Bxe2 h6 14. Ne4 e5
15. a4 Bf5 16. Bf3 Na5 17. Nbd2 O-O-O 18. b4 Nac4 19. Nc5 Nxd2 20. Bxb7+ Kc7
21. Bxd2 Nc4 22. Bc1 e6 23. Ba6 Na5 24. Be3 Bxc5 25. bxc5 Bd3 26. Bxd3 Rxd3 27.
Ke2 Rxc3 28. Rhc1 Rxc1 29. Rxc1 h5 30. Rc3 Rg8 31. Bd2 Nc6 32. Rh3 Rxg2 33.
Rxh5 Kd7 34. Rh4 Rg1 35. Be3 a5 36. f4 Rg2+ 37. Kf1 Ra2 38. fxe5 Nxe5 39. Rd4+
Kc8 40. h4 Rh2 41. Bf4 Nf3 42. Rd3 Rh1+ 43. Kg2 Ne1+ 44. Kxh1 Nxd3 45. Bd6 e5
46. h5 Nf2+ 47. Kg2 Ng4 48. Kg3 f5 49. c6 Nf6 50. Kh4 f4 51. h6 f3 52. Kg3 Ne4+
53. Kxf3 Nxd6 54. h7 e4+ 55. Ke3 1/2-1/2

[Event "Championnat de France - Accession"]
[Site "Belfort - SNPHHUATVS"]
[Date "2010.??.??"]
[Round "5.17"]
[White "Crut, Aurelien"]
[Black "Loiseau, Quentin"]
[Result "1/2-1/2"]
[WhiteElo "2314"]
[BlackElo "2214"]
[PlyCount "128"]

1. e4 c5 2. Nf3 g6 3. c3 d5 4. exd5 Qxd5 5. d4 Bg7 6. Be2 Nh6 7. O-O Nf5 8. c4
Qd8 9. d5 e5 10. Nc3 O-O 11. Ne4 Na6 12. b4 Nxb4 13. Ba3 Qa5 14. Qb3 Nc2 15.
Qxc2 Qxa3 16. Rab1 b6 17. Rfd1 Bd7 18. Rd3 Qa6 19. g4 Nd4 20. Nxd4 exd4 21. Rg3
Qc8 22. g5 f5 23. gxf6 Bxf6 24. Nxf6+ Rxf6 25. Bd3 Qf8 26. Re1 Re8 27. Re4 Kg7
28. h4 Rf3 29. Qe2 Rxe4 30. Qxe4 Rxg3+ 31. fxg3 Qd6 32. Qe1 a6 33. Kh2 b5 34.
h5 bxc4 35. Bxc4 Bb5 36. Qc1 Bxc4 37. h6+ Kf6 38. Qxc4 Ke5 39. Qe2+ Kxd5 40.
Qf3+ Ke6 41. Qb7 Qd7 42. Qxa6+ Kd5 43. Qa8+ Ke5 44. Qh8+ Ke6 45. Qg8+ Kd6 46.
Qb8+ Kc6 47. Qa8+ Kc7 48. Qa7+ Kd6 49. Qb8+ Qc7 50. Qf8+ Kc6 51. Qf3+ Kb6 52.
Qb3+ Ka6 53. Qa4+ Kb6 54. Qb3+ Kc6 55. Qf3+ Kd6 56. Qf4+ Kd7 57. Qf7+ Kc8 58.
Qe8+ Kb7 59. Qb5+ Ka8 60. Qa6+ Kb8 61. Qb5+ Kc8 62. Qe8+ Qd8 63. Qc6+ Kb8 64.
Qb5+ Ka8 1/2-1/2

[Event "Championnat de France - Accession"]
[Site "Belfort - SNPHHUATVS"]
[Date "2010.??.??"]
[Round "5.18"]
[White "Manoeuvre, Antoine"]
[Black "Camus, Berenger"]
[Result "1/2-1/2"]
[WhiteElo "2271"]
[BlackElo "2212"]
[PlyCount "54"]

1. d4 d5 2. Nf3 Nf6 3. c4 dxc4 4. Qa4+ Nbd7 5. Qxc4 e6 6. g3 a6 7. a4 c5 8. Bg2
b5 9. Qc2 Bb7 10. O-O Qb6 11. axb5 axb5 12. Rxa8+ Bxa8 13. Nbd2 Be7 14. dxc5
Bxc5 15. Nb3 Be4 16. Qd1 O-O 17. Nxc5 Qxc5 18. Be3 Qd5 19. Qc1 Qb7 20. Qd2 Ne5
21. Nxe5 Bxg2 22. Ra1 Bd5 23. Ra7 Qb8 24. Qd4 Rd8 25. Nxf7 e5 26. Qxe5 Bxf7 27.
Qe7 Rd1+ 1/2-1/2

[Event "Championnat de France - Accession"]
[Site "Belfort - SNPHHUATVS"]
[Date "2010.??.??"]
[Round "5.19"]
[White "Fantinel, Thibault"]
[Black "Blum, Nicolas"]
[Result "0-1"]
[WhiteElo "2209"]
[BlackElo "2263"]
[PlyCount "92"]

1. e4 c5 2. Nf3 e6 3. g3 Nc6 4. Bg2 Nf6 5. Qe2 d5 6. e5 Nd7 7. d3 Be7 8. O-O b5
9. h4 a5 10. Bf4 Ba6 11. Nbd2 c4 12. Rfd1 Nc5 13. Nf1 Na4 14. Rab1 Nb4 15. a3
Nc6 16. dxc4 bxc4 17. c3 Nc5 18. Ne3 Bb5 19. h5 Ba4 20. Rf1 Nd3 21. Ng4 O-O 22.
Qd2 Rb8 23. h6 g6 24. Rfe1 Bb3 25. Bf1 Nxf4 26. gxf4 Qb6 27. Re2 d4 28. cxd4
Rfd8 29. Qe3 Nxd4 30. Nxd4 Qxd4 31. Rc1 Bd1 32. Rxd1 Qxd1 33. Qa7 Kf8 34. Qxa5
Qd4 35. Rc2 Qxf4 36. Rxc4 Rd4 37. Rxd4 Qxd4 38. Ne3 Qxb2 39. Qc7 Qb7 40. Qc4
Bxa3 41. Ng4 Qb4 42. Qe2 Qf4 43. Nf6 Qg5+ 44. Kh1 Qxh6+ 45. Kg2 Qg5+ 46. Kh1
Kg7 0-1

[Event "Championnat de France - Accession"]
[Site "Belfort - SNPHHUATVS"]
[Date "2010.??.??"]
[Round "5.20"]
[White "Nass, Emile"]
[Black "Letemple, Frederic"]
[Result "1-0"]
[WhiteElo "2248"]
[BlackElo "2011"]
[PlyCount "99"]

1. Nf3 Nf6 2. c4 g6 3. d4 Bg7 4. g3 O-O 5. Bg2 d6 6. O-O Nbd7 7. Nc3 e5 8. Rb1
a5 9. h3 c6 10. e4 Re8 11. dxe5 dxe5 12. Be3 Bf8 13. Qc2 Nc5 14. Rfd1 Qc7 15.
Bxc5 Bxc5 16. Na4 Qe7 17. a3 Nxe4 18. Qxe4 Bf5 19. Qh4 Bxb1 20. Nxc5 Qxc5 21.
Ng5 h5 22. Rxb1 f5 23. Rd1 Qe7 24. g4 Rad8 25. Rxd8 Qxd8 26. gxf5 Qd1+ 27. Kh2
gxf5 28. Bf3 Qd6 29. Bxh5 e4+ 30. Kg2 Re7 31. Bf7+ Rxf7 32. Nxf7 Kxf7 33. Qh7+
Kf6 34. Qh6+ Ke5 35. Qxd6+ Kxd6 36. Kg3 Ke5 37. h4 f4+ 38. Kg4 e3 39. fxe3 fxe3
40. Kf3 Kd4 41. Ke2 Kxc4 42. h5 Kb3 43. h6 Kxb2 44. h7 Kxa3 45. h8=Q Ka4 46.
Qc8 b5 47. Qxc6 Kb4 48. Kxe3 a4 49. Kd3 a3 50. Qa6 1-0

[Event "Championnat de France - Accession"]
[Site "Belfort - SNPHHUATVS"]
[Date "2010.??.??"]
[Round "6.1"]
[White "Friess, Nicolas"]
[Black "Moussard, Jules"]
[Result "0-1"]
[WhiteElo "2246"]
[BlackElo "2372"]
[PlyCount "42"]

1. d4 d5 2. c4 c5 3. cxd5 Qxd5 4. Nf3 cxd4 5. Nc3 Qa5 6. Nxd4 Nf6 7. g3 e5 8.
Nb3 Qc7 9. Bg2 Bb4 10. Bd2 O-O 11. O-O Rd8 12. Rc1 Nc6 13. Qc2 Be6 14. Bg5 Rac8
15. Bxf6 gxf6 16. a3 Be7 17. e3 Qb6 18. Nd2 f5 19. Rfd1 f4 20. Na4 Qa5 21. Nc4
Qa6 0-1

[Event "Championnat de France - Accession"]
[Site "Belfort - SNPHHUATVS"]
[Date "2010.??.??"]
[Round "6.2"]
[White "Stephan, Victor"]
[Black "Saucey, Michel"]
[Result "1/2-1/2"]
[WhiteElo "2234"]
[BlackElo "2306"]
[PlyCount "24"]

1. e4 d6 2. d4 Nf6 3. Nc3 g6 4. Nf3 Bg7 5. Be3 c6 6. Qd2 Qa5 7. Bd3 Nbd7 8. O-O
O-O 9. Bh6 e5 10. Bxg7 Kxg7 11. dxe5 dxe5 12. Rad1 Qc7 1/2-1/2

[Event "Championnat de France - Accession"]
[Site "Belfort - SNPHHUATVS"]
[Date "2010.??.??"]
[Round "6.3"]
[White "Sochacki, Christophe"]
[Black "Dubessay, Bastien"]
[Result "1-0"]
[WhiteElo "2365"]
[BlackElo "2272"]
[PlyCount "47"]

1. e4 c5 2. Nf3 d6 3. d4 cxd4 4. Nxd4 Nf6 5. Nc3 a6 6. Bg5 e6 7. f4 Nc6 8. Nxc6
bxc6 9. Qf3 Qb6 10. O-O-O Rb8 11. b3 d5 12. f5 d4 13. fxe6 Bxe6 14. Bxf6 gxf6
15. Qxf6 Rg8 16. Qxd4 Qa5 17. e5 Bg7 18. Na4 Bxe5 19. Qe4 Ke7 20. Qe3 Bd6 21.
Qa7+ Bd7 22. Bc4 Rbd8 23. Rhe1+ Kf8 24. Rf1 1-0

[Event "Championnat de France - Accession"]
[Site "Belfort - SNPHHUATVS"]
[Date "2010.??.??"]
[Round "6.4"]
[White "Lamard, Guillaume"]
[Black "Riff, Vincent"]
[Result "1/2-1/2"]
[WhiteElo "2143"]
[BlackElo "2334"]
[PlyCount "32"]

1. d4 d5 2. Nf3 Nf6 3. c4 c6 4. Qc2 g6 5. Bf4 Bg7 6. e3 O-O 7. Nc3 c5 8. dxc5
Qa5 9. Be2 dxc4 10. O-O Qxc5 11. Na4 Qf5 12. Qxc4 Nc6 13. Bd3 Qh5 14. Qc5 Qxc5
15. Nxc5 Nd5 16. Be4 Nxf4 1/2-1/2

[Event "Championnat de France - Accession"]
[Site "Belfort - SNPHHUATVS"]
[Date "2010.??.??"]
[Round "6.5"]
[White "Monsieux, Cyril"]
[Black "Netzer, Jacques"]
[Result "1-0"]
[WhiteElo "2300"]
[BlackElo "2208"]
[PlyCount "101"]

1. e4 e5 2. Nf3 Nc6 3. Bb5 a6 4. Bxc6 dxc6 5. O-O f6 6. d4 Bg4 7. dxe5 Qxd1 8.
Rxd1 fxe5 9. Rd3 Bd6 10. Nbd2 b5 11. b3 Ne7 12. Bb2 Ng6 13. g3 O-O 14. Kg2 c5
15. c4 Rfe8 16. Rc1 Bc8 17. Re3 Bb7 18. Ne1 Nf8 19. Nd3 Nd7 20. b4 bxc4 21.
Nxc4 cxb4 22. Nxd6 cxd6 23. Rc2 Bc8 24. Nxb4 Nc5 25. Nd3 Ne6 26. Rc6 d5 27.
exd5 Bb7 28. Rd6 Rad8 29. Rxd8 Rxd8 30. Nb4 a5 31. Nc6 Bxc6 32. dxc6 Rd2 33.
Bxe5 Rxa2 34. Rc3 Re2 35. c7 Nxc7 36. Bxc7 a4 37. Bd6 Re6 38. Ba3 g6 39. Rc4
Ra6 40. f4 Kf7 41. Rc7+ Ke6 42. Rxh7 Rc6 43. Ra7 Rc4 44. Kh3 Kf5 45. Ra5+ Ke4
46. Kg4 Kd3 47. h4 Kc2 48. Rc5 Rxc5 49. Bxc5 Kb3 50. Kg5 a3 51. Bxa3 1-0

[Event "Championnat de France - Accession"]
[Site "Belfort - SNPHHUATVS"]
[Date "2010.??.??"]
[Round "6.7"]
[White "Favarel, Julien"]
[Black "Mancini, Mario"]
[Result "1/2-1/2"]
[WhiteElo "2279"]
[BlackElo "2256"]
[PlyCount "95"]

1. d4 Nf6 2. c4 e6 3. Nc3 Bb4 4. f3 O-O 5. a3 Bxc3+ 6. bxc3 Ne8 7. e4 b6 8. Bd3
Ba6 9. Nh3 Nc6 10. e5 Qh4+ 11. Nf2 f6 12. f4 f5 13. Qe2 Na5 14. Rb1 Rc8 15. c5
Bxd3 16. Qxd3 g6 17. O-O Ng7 18. c4 Qe7 19. Bd2 Nb7 20. cxb6 axb6 21. c5 Ra8
22. cxb6 Rfc8 23. Bb4 Qd8 24. bxc7 Qxc7 25. Nd1 Ne8 26. Ne3 Qc6 27. Kh1 Nc7 28.
d5 Nxd5 29. Nxd5 Qxd5 30. Qxd5 exd5 31. Rfd1 Nc5 32. Rxd5 Ne6 33. g3 Ra7 34.
Rbd1 Rcc7 35. R1d2 Kf7 36. Kg2 Rc8 37. Kf3 h6 38. h3 g5 39. fxg5 hxg5 40. g4 f4
41. h4 gxh4 42. g5 Nxg5+ 43. Kxf4 Ne6+ 44. Ke3 Rc4 45. Rf2+ Kg7 46. Rb5 Ra8 47.
Bd6 h3 48. Rb7 1/2-1/2

[Event "Championnat de France - Accession"]
[Site "Belfort - SNPHHUATVS"]
[Date "2010.??.??"]
[Round "6.8"]
[White "Di Nicolantonio, Lucas"]
[Black "Song, Julien"]
[Result "1/2-1/2"]
[WhiteElo "2204"]
[BlackElo "2347"]
[PlyCount "219"]

1. e4 e6 2. d4 d5 3. e5 c5 4. c3 Qb6 5. Nf3 Bd7 6. a3 cxd4 7. cxd4 Bb5 8. Bxb5+
Qxb5 9. Nc3 Qa6 10. Bd2 Nd7 11. Qe2 Qxe2+ 12. Kxe2 a6 13. Rhc1 Ne7 14. Rab1 Nb6
15. Nd1 Nc6 16. Ne3 Be7 17. b4 Na7 18. Ra1 Kd7 19. Kd3 Na4 20. Kc2 b5 21. h4
Nc8 22. h5 h6 23. Ne1 Na7 24. Nf3 Nc6 25. Kb3 Nb6 26. g4 Nc4 27. Nxc4 dxc4+ 28.
Kc2 a5 29. bxa5 Nxa5 30. Bxa5 Rxa5 31. d5 exd5 32. Rd1 Rxa3 33. Rxa3 Bxa3 34.
Rxd5+ Kc6 35. Rd1 b4 36. Rd6+ Kc5 37. Nd2 b3+ 38. Nxb3+ cxb3+ 39. Kxb3 Bc1 40.
Rd7 Bf4 41. Rxf7 Bxe5 42. f4 Bf6 43. g5 Bd4 44. Rf5+ Kd6 45. Kc4 Bb2 46. Rb5
Bc1 47. Rb6+ Kc7 48. Rg6 Bxf4 49. Rxg7+ Kd6 50. Rg6+ Ke5 51. Rxh6 Rc8+ 52. Kd3
Bxg5 53. Ra6 Kf5 54. Ra1 Rd8+ 55. Kc4 Kg4 56. Rh1 Bh4 57. h6 Rh8 58. Rg1+ Kf5
59. Kd5 Bg5 60. Rh1 Bxh6 61. Rh5+ Kg4 62. Rh1 Rd8+ 63. Ke6 Bf4 64. Rg1+ Bg3 65.
Ke7 Rd3 66. Ke6 Rd6+ 67. Ke7 Ra6 68. Kd7 Kf3 69. Rb1 Ke4 70. Rb4+ Kf5 71. Rb3
Be5 72. Rf3+ Ke4 73. Rb3 Rd6+ 74. Ke7 Rc6 75. Kd7 Rc1 76. Ke6 Rc6+ 77. Kd7 Rh6
78. Rb4+ Kf5 79. Rb7 Bd4 80. Rb5+ Ke4 81. Ke7 Be5 82. Rb4+ Kf5 83. Kd7 Rd6+ 84.
Ke7 Rd5 85. Rb7 Bf6+ 86. Kf7 Be5 87. Ke7 Bf4 88. Kf7 Bg5 89. Ra7 Bf6 90. Rb7
Re5 91. Ra7 Rb5 92. Rc7 Rb8 93. Rc5+ Be5 94. Rc6 Rb7+ 95. Ke8 Bf6 96. Ra6 Re7+
97. Kf8 Kg6 98. Rb6 Re1 99. Ra6 Rd1 100. Re6 Rd7 101. Re2 Rd3 102. Re6 Kf5 103.
Ra6 Re3 104. Rc6 Kg6 105. Ra6 Rd3 106. Re6 Rd7 107. Re2 Rd3 108. Re6 Rh3 109.
Ke8 Rh8+ 110. Kd7 1/2-1/2

[Event "Championnat de France - Accession"]
[Site "Belfort - SNPHHUATVS"]
[Date "2010.??.??"]
[Round "6.9"]
[White "Nass, Emile"]
[Black "Shirazi, Kamran"]
[Result "0-1"]
[WhiteElo "2248"]
[BlackElo "2428"]
[PlyCount "66"]

1. d4 Nf6 2. c4 d6 3. g3 c5 4. Nf3 cxd4 5. Nxd4 e5 6. Nc2 Be6 7. Bg2 Bxc4 8.
Bxb7 Nbd7 9. Ne3 Be6 10. Nc3 h5 11. Ned5 Nxd5 12. Nxd5 Rb8 13. Bc6 Rc8 14. Qa4
f6 15. Bd2 Kf7 16. Ba5 Nb6 17. Qb5 a6 18. Qxb6 Qxb6 19. Nxb6 Rxc6 20. Kd2 d5
21. Rac1 Bc5 22. Na4 Rhc8 23. Nxc5 Rxc5 24. Rxc5 Rxc5 25. b4 Rc4 26. e3 d4 27.
a3 Rc3 28. Ra1 Rb3 29. exd4 exd4 30. Bb6 Rb2+ 31. Ke1 d3 32. Be3 Re2+ 33. Kf1
Bh3+ 0-1

[Event "Championnat de France - Accession"]
[Site "Belfort - SNPHHUATVS"]
[Date "2010.??.??"]
[Round "6.10"]
[White "Valles, Manuel"]
[Black "Bujisho, Benjamin"]
[Result "0-1"]
[WhiteElo "2242"]
[BlackElo "2418"]
[PlyCount "33"]

1. d4 Nf6 2. c4 Nc6 3. Nc3 e5 4. d5 Ne7 5. h4 d6 6. e4 g6 7. f3 Nh5 8. Nge2 f5
9. Be3 Bg7 10. Qd2 O-O 11. O-O-O Kh8 12. Rg1 Ng8 13. Kb1 Ngf6 14. Nc1 fxe4 15.
g4 Nf4 16. Bxf4 exf4 17. g5 0-1

[Event "Championnat de France - Accession"]
[Site "Belfort - SNPHHUATVS"]
[Date "2010.??.??"]
[Round "6.11"]
[White "Loiret, Stanislas"]
[Black "Brethes, Francois"]
[Result "1-0"]
[WhiteElo "2270"]
[BlackElo "2238"]
[PlyCount "67"]

1. Nf3 d6 2. c4 g6 3. Nc3 Bg7 4. d4 Bg4 5. g3 Bxf3 6. exf3 Nh6 7. Bh3 Nf5 8.
Bxf5 gxf5 9. O-O h5 10. Bg5 Nc6 11. Nd5 f6 12. Bh4 Qd7 13. f4 O-O-O 14. b4 e6
15. Ne3 Ne7 16. d5 e5 17. Ng2 Kb8 18. Qf3 c6 19. Rfd1 cxd5 20. cxd5 Rdf8 21.
Rac1 Ng6 22. Rc4 Bh6 23. Qc3 b5 24. Rc6 Ne7 25. fxe5 Nxc6 26. dxc6 Qe6 27. exd6
Rf7 28. d7 Kc7 29. Qc5 Qe5 30. Qxa7+ Kxc6 31. Qa6+ Kc7 32. Qa5+ Kc6 33. d8=Q
Rxd8 34. Qxd8 1-0

[Event "Championnat de France - Accession"]
[Site "Belfort - SNPHHUATVS"]
[Date "2010.??.??"]
[Round "6.12"]
[White "Houard, Yannick"]
[Black "Sochacki, Wojtek"]
[Result "1/2-1/2"]
[WhiteElo "2238"]
[BlackElo "2268"]
[PlyCount "72"]

1. e4 c5 2. Nf3 Nc6 3. d4 cxd4 4. Nxd4 g6 5. Nc3 Bg7 6. Be3 Nf6 7. Bc4 O-O 8.
Bb3 d6 9. f3 Bd7 10. Qd2 Rc8 11. O-O-O Nxd4 12. Bxd4 a5 13. a3 b5 14. Nd5 Nxd5
15. exd5 Bxd4 16. Qxd4 Qc7 17. Rd2 b4 18. a4 Qd8 19. Re2 f6 20. Rhe1 Rf7 21.
Kd2 Qe8 22. Ra1 Qf8 23. Ke1 Rc5 24. Kf2 Bc8 25. Rae1 Qd8 26. Kg1 Qc7 27. g4 Qa7
28. Kg2 Rc7 29. Qxa7 Rxa7 30. Re4 Rc7 31. Rc4 Rxc4 32. Bxc4 Rg7 33. c3 bxc3 34.
bxc3 Kf7 35. Rb1 Rg8 36. Kf2 h5 1/2-1/2

[Event "Championnat de France - Accession"]
[Site "Belfort - SNPHHUATVS"]
[Date "2010.??.??"]
[Round "6.13"]
[White "Blum, Nicolas"]
[Black "Cappon, John"]
[Result "1/2-1/2"]
[WhiteElo "2263"]
[BlackElo "2229"]
[PlyCount "73"]

1. e4 e6 2. d4 d5 3. Nc3 dxe4 4. Nxe4 Bd7 5. Nf3 Bc6 6. Bd3 Nd7 7. O-O Ngf6 8.
Ng3 Be7 9. Qe2 Bxf3 10. Qxf3 c6 11. b3 Qc7 12. c4 O-O 13. Bb2 Rfe8 14. Rfe1 Bb4
15. Re2 Rad8 16. a3 Bd6 17. Rae1 Bf4 18. Kh1 Bh6 19. d5 exd5 20. Nf5 Qf4 21.
Rxe8+ Rxe8 22. Rxe8+ Nxe8 23. Qxf4 Bxf4 24. cxd5 cxd5 25. Ne7+ Kf8 26. Nxd5 Be5
27. Bc1 Nef6 28. Nxf6 Nxf6 29. Be3 b6 30. h3 g6 31. Kg1 Ke7 32. Kf1 Nd5 33. Bc1
f6 34. Bc4 Kd6 35. Ke2 Bf4 36. Bb2 Be5 37. Bc1 1/2-1/2

[Event "Championnat de France - Accession"]
[Site "Belfort - SNPHHUATVS"]
[Date "2010.??.??"]
[Round "6.14"]
[White "Buscara, Sevan"]
[Black "Billon, Olivier"]
[Result "1/2-1/2"]
[WhiteElo "2259"]
[BlackElo "2129"]
[PlyCount "51"]

1. d4 Nf6 2. Bf4 g6 3. e3 Bg7 4. Nf3 d6 5. Be2 Nh5 6. Bg5 h6 7. Bh4 g5 8. Nfd2
Nf4 9. exf4 gxh4 10. Nf3 h3 11. g3 Nd7 12. O-O c5 13. Nc3 O-O 14. Nd5 Nf6 15.
Ne3 Ng4 16. Nc4 Qc7 17. c3 b6 18. d5 b5 19. Ncd2 Qb7 20. c4 bxc4 21. Nxc4 Nf6
22. Ne3 Qxb2 23. Rb1 Qxa2 24. Ra1 Qb2 25. Rb1 Qa2 26. Ra1 1/2-1/2

[Event "Championnat de France - Accession"]
[Site "Belfort - SNPHHUATVS"]
[Date "2010.??.??"]
[Round "6.15"]
[White "Loiseau, Quentin"]
[Black "Philippe, Christophe"]
[Result "0-1"]
[WhiteElo "2214"]
[BlackElo "2431"]
[PlyCount "70"]

1. Nf3 c5 2. c4 Nc6 3. d4 cxd4 4. Nxd4 Nf6 5. Nc3 Qb6 6. Ndb5 a6 7. Na3 e6 8.
e3 Be7 9. Be2 O-O 10. O-O Rd8 11. Na4 Qc7 12. Qb3 d5 13. Nb6 Rb8 14. Nxc8 Rbxc8
15. cxd5 Nxd5 16. Qc4 b5 17. Qg4 f5 18. Qh3 Qe5 19. Nc2 Nf4 20. Qf3 Nxe2+ 21.
Qxe2 Qe4 22. f3 Qd3 23. Qxd3 Rxd3 24. Ne1 Rd7 25. Kf2 Nb4 26. a3 Nc2 27. Rb1
Nxa3 28. bxa3 Rd1 29. a4 Rdxc1 30. Rxc1 Rxc1 31. axb5 axb5 32. Nd3 Rc2+ 33. Kg3
Bd6+ 34. f4 Rd2 35. Nc1 g5 0-1

[Event "Championnat de France - Accession"]
[Site "Belfort - SNPHHUATVS"]
[Date "2010.??.??"]
[Round "6.16"]
[White "Ludwig, Remi"]
[Black "Demuth, Adrien"]
[Result "1/2-1/2"]
[WhiteElo "2230"]
[BlackElo "2394"]
[PlyCount "46"]

1. d4 Nf6 2. c4 g6 3. Nc3 d5 4. Bf4 Bg7 5. e3 O-O 6. Rc1 c5 7. dxc5 Be6 8. Nge2
Nc6 9. cxd5 Bxd5 10. Bg5 Bc4 11. Qxd8 Rfxd8 12. Nf4 Bxf1 13. Rxf1 Nd7 14. Nd3
Nde5 15. Nxe5 Nxe5 16. Bxe7 Nd3+ 17. Ke2 Nxc1+ 18. Rxc1 Rd7 19. Bd6 f5 20. b4
Kf7 21. Nb5 a5 22. a3 axb4 23. axb4 Ra2+ 1/2-1/2

[Event "Championnat de France - Accession"]
[Site "Belfort - SNPHHUATVS"]
[Date "2010.??.??"]
[Round "6.17"]
[White "Lerch, Patrice"]
[Black "Le Ruyet, Leopold"]
[Result "1-0"]
[WhiteElo "2340"]
[BlackElo "2188"]
[PlyCount "79"]

1. e4 c5 2. Nc3 a6 3. g3 b5 4. Bg2 Bb7 5. d3 e6 6. Nh3 d6 7. O-O Nf6 8. f4 Nbd7
9. Qe2 e5 10. g4 Nb6 11. a4 b4 12. a5 bxc3 13. axb6 cxb2 14. Bxb2 Be7 15. fxe5
dxe5 16. Bxe5 O-O 17. Bc7 Qc8 18. g5 Ne8 19. Bg3 Nd6 20. Rab1 Nb5 21. Be5 Qe6
22. Ba1 Na3 23. Nf4 Qd7 24. Rb3 Nb5 25. Bh3 Qd8 26. Qg2 Nd4 27. Rbb1 Bxg5 28.
c3 Bxf4 29. Rxf4 Ne6 30. Bxe6 fxe6 31. c4 Qe7 32. Bxg7 Qxg7 33. Rg4 Rf7 34. Kh1
Kh8 35. Rg1 Rg8 36. Rxg7 Rfxg7 37. Qb2 h6 38. Qf6 Kh7 39. Rxg7+ Rxg7 40. Qxe6
1-0

[Event "Championnat de France - Accession"]
[Site "Belfort - SNPHHUATVS"]
[Date "2010.??.??"]
[Round "6.18"]
[White "Crut, Aurelien"]
[Black "Lutz, Eric"]
[Result "1-0"]
[WhiteElo "2314"]
[BlackElo "2218"]
[PlyCount "75"]

1. e4 c5 2. Nf3 e6 3. c3 Nf6 4. e5 Nd5 5. d4 Nc6 6. c4 Ndb4 7. dxc5 a5 8. Nc3
Bxc5 9. Ne4 b6 10. a3 Na6 11. Bf4 Bb7 12. Bd3 d5 13. exd6 f6 14. Nxc5 Nxc5 15.
Bc2 Qd7 16. Qd2 g5 17. Be3 g4 18. Nh4 Ne5 19. Bxc5 bxc5 20. O-O-O Nxc4 21. Qc3
Ne5 22. f4 gxf3 23. gxf3 c4 24. Rhe1 Bd5 25. Rxd5 exd5 26. f4 O-O-O 27. Bf5
Nd3+ 28. Kb1 Nxe1 29. Qxe1 Kb7 30. Bxd7 Rxd7 31. Nf5 Rhd8 32. Qxa5 Rxd6 33.
Nxd6+ Rxd6 34. Qb5+ Kc7 35. Qc5+ Kd7 36. f5 d4 37. Qxc4 d3 38. Qf7+ 1-0

[Event "Championnat de France - Accession"]
[Site "Belfort - SNPHHUATVS"]
[Date "2010.??.??"]
[Round "6.19"]
[White "Saada, Julien"]
[Black "Briet, Antoine"]
[Result "1-0"]
[WhiteElo "2304"]
[BlackElo "2212"]
[PlyCount "73"]

1. d4 Nf6 2. Bg5 Ne4 3. Bf4 c5 4. f3 Qa5+ 5. c3 Nf6 6. d5 e6 7. e4 exd5 8. exd5
d6 9. Qd2 Be7 10. c4 Qd8 11. Nc3 O-O 12. g4 Re8 13. Kf2 Nfd7 14. Bd3 Nf8 15.
Nge2 Ng6 16. Bg3 Bh4 17. Rae1 Ne5 18. Kg2 Nbd7 19. Nc1 Nf8 20. b3 Nfg6 21. Bxg6
hxg6 22. Nd3 Bxg3 23. Kxg3 Nxd3 24. Qxd3 Rxe1 25. Rxe1 Bd7 26. Qe3 Qf6 27. Ne4
Qe5+ 28. f4 Qe7 29. Ng5 Qxe3+ 30. Rxe3 Kf8 31. Nh7+ Kg8 32. Re7 Be8 33. Ng5 Rb8
34. Ne4 Kf8 35. Rc7 b5 36. Nxd6 bxc4 37. Nxc4 1-0

[Event "Championnat de France - Accession"]
[Site "Belfort - SNPHHUATVS"]
[Date "2010.??.??"]
[Round "6.20"]
[White "Camus, Berenger"]
[Black "Forthofer, Robert"]
[Result "1-0"]
[WhiteElo "2212"]
[BlackElo "2303"]
[PlyCount "63"]

1. d4 e6 2. c4 Nf6 3. Bg5 h6 4. Bh4 Bb4+ 5. Nd2 b6 6. a3 Bxd2+ 7. Qxd2 Bb7 8.
f3 d6 9. e3 Nbd7 10. Bd3 e5 11. Bf5 g5 12. Bg3 Qe7 13. Ne2 O-O-O 14. e4 Kb8 15.
d5 Nh5 16. Bf2 Ng7 17. Bxd7 Qxd7 18. b4 f5 19. c5 dxc5 20. bxc5 Ba6 21. O-O g4
22. cxb6 cxb6 23. Rfb1 Ka8 24. fxg4 fxe4 25. Nc3 Bd3 26. Rb4 Qxg4 27. Qxd3
Qxg2+ 28. Kxg2 exd3 29. Rd1 Nh5 30. Bg3 Rhg8 31. Kh3 Rg5 32. Bh4 1-0